00240nam a22000977a 4500040000700000082000800007100001900015245002600034260007300060300000900133 cHS a170 aNGUYEN VAN SO  aAgroforestry syllabus aVietnam's national university of hochiminh citybNGUYEN VAN SOc1997 a79p;